000 00609nam a2200229Ia 4500
003 0100
008 130303s9999 xx 000 0 und d
020 _a0226245330
040 _cARRUPELIB
050 _aB3240.F483C66 1999
100 _aFeyerabend, Paul
245 _aConquest of abudance
245 _ba tale of abstraction versus the richness of being
260 _aChicago
260 _bThe University of Chicago Press
260 _C1999
300 _axviii
300 _b 285p. 23cm.
650 _bGenocide--Rwanda--History--20th century
700 _aTerpstra, Bert (ed.)
942 0 0 _01
999 _c15330
_d15330